Matilde (Record no. 1968)

MARC details
000 -Etiqueta do registo
Valores 00582nam a2200229 4500
010 ## - Número ISBN
ISBN 9789893798003
021 ## - Número do Depósito Legal
Código do país Portugal
Número 548906/25
100 ## - Dados gerais de processamento
Dados gerais 20251118d2025 m||y0pory50030103ba
101 ## - Língua de publicação
Língua Português
102 ## - País de publicação
País Portugal
200 ## - Titulo e menção de responsabilidade
Título próprio Matilde
Primeira menção de responsabilidade Luz Vieira da Silva
210 ## - Publicação
Local de publicação Lisboa
Nome do editor Primeiro Capítulo,
Data de publicação 2025
215 ## - Descrição física 
Paginação / Volumes 341, [5] p.
Dimensões 24 cm
300 ## - Notas gerais 
Texto da nota BMB-Registado
606 ## - Nome comum usado como assunto
ID Autoridade 776
Palavra de ordem Literatura Portuguesa
606 ## - Nome comum usado como assunto
ID Autoridade 779
Palavra de ordem Romance
675 ## - CDU
Notação 821.134.3-31
Edição BMB
Língua por
700 ## - Autor principal (pessoa individual)
Apelido Silva
Nome Luz Vieira da
ID Autoridade 2825
801 ## - Fonte de origem
País PT
Agência BMB
Regras de catalogação RPC
990 ## - Elementos KOHA
Tipo de documento Livro
Holdings
Situação do levantamento Estado Número Biblioteca de origem Código de barras Cota Permissão de empréstimo Tipo de documento Forma de aquisição
    1 Biblioteca Municipal de Borba 1917 821.134.3-31 SIL / MAT   Livro Oferta
Biblioteca Municipal de Borba

Powered by Koha